| 000 | 01505cam a22003851i 4500 | ||
|---|---|---|---|
| 001 | 15140571 | ||
| 003 | EG-ScBUE | ||
| 005 | 20250528092611.0 | ||
| 008 | 080114t2007 si a f b 100 0 eng d | ||
| 020 | _a9789812707055 | ||
| 020 | _a9812707050 | ||
| 035 | _a(OCoLC)ocn154672033 | ||
| 040 |
_aEG-ScBUE _beng _erda _cEG-ScBUE _dEG-ScBUE |
||
| 082 | 0 | 4 |
_a530.44 _222 _bPRO |
| 111 | 2 |
_aCollective Phenomena in Macroscopic Systems _d(2006 : _cComo, Italy) |
|
| 245 | 0 | 0 |
_aProceedings of the workshop collective phenomena in macroscopic systems, Villa Olmo, Como, Italy, 4-6 December 2006 / _ceditors, G. Bertin [and three others] |
| 246 | 3 | 0 | _aCollective phenomena in macroscopic systems |
| 264 | 1 |
_aSingapore : _bWorld Scientific, _c[2007] |
|
| 264 | 4 | _cc2007 | |
| 300 |
_axi, 303 pages : _billustrations ; _c24 cm |
||
| 336 |
_2rdacontent _atext _btxt |
||
| 337 |
_aunmediated _2rdamedia _bn |
||
| 338 |
_avolume _bnc _2rdacarrier |
||
| 500 | _aAt head of t.p. : Abdus Salam International Centre for Theoretical Physics. | ||
| 504 | _aIncludes bibliographical references. | ||
| 650 | 7 |
_aPlasma (Ionized gases) _xMathematics. _2BUEsh |
|
| 650 | 7 |
_aAstrophysics _xMathematics. _2BUEsh |
|
| 655 | _vReading book | ||
| 700 | 1 |
_aBertin, G. _q(Giuseppe), _eeditor. |
|
| 700 | 1 |
_aPozzoli, R., _92178 _eeditor. |
|
| 700 | 1 |
_aRome, M., _92179 _eeditor. |
|
| 700 | 1 |
_aSreenivasan, K. R., _92180 _eeditor. |
|
| 710 | 2 |
_aAbdus Salam International Centre for Theoretical Physics, _eorganizer. |
|
| 942 |
_2ddc _cBB |
||
| 999 |
_c10942 _d10942 |
||